| 000 | 00784nam a2200193 a 4500 | ||
|---|---|---|---|
| 001 | 000034288 | ||
| 005 | 20200930073624.0 | ||
| 008 | 110929s2001 es 000 0 spa d | ||
| 020 | _a8479930209 | ||
| 040 |
_aDO-SdBNP _bspa _cBNPHU |
||
| 100 | 1 |
_aMartínez Portilla, Isabel María _959715 |
|
| 245 | 1 | 3 |
_aEl refugio como escuela : _bexperiencias organizativas de las mujeres guatemaltecas en México / _cIsabel Ma Martínez Portilla. |
| 260 |
_aEspaña : _bUniversidad Internacional de Andalucía, Sede Iberoamericana de la Rábida, _c2001. |
||
| 300 |
_a179 p. : _bil., retrs. ; _c26 cm. |
||
| 490 | 1 |
_aEncuentros Iberoamericanos _v8 |
|
| 500 | _aIncluye referencias bibliográficas y notas al pie de las páginas | ||
| 830 | 0 |
_aEncuentros Iberoamericanos _v8 _959716 |
|
| 049 | _aBNPD | ||
| 999 |
_c33779 _d33779 |
||